Geography, and Math Test - Statistics

General Stats
  • This quiz has been taken 183 times
  • The average score is 71 of 80
Answer Stats
Question Tile Select % Correct
U.S States Alvonia No
97%
Countries in Europe Australia No
97%
Countries in Europe Bhutan No
97%
Countries Chihuahua No
97%
Countries in Europe East Timor No
97%
Countries Hamburger No
97%
Countries in Europe Japan No
97%
U.S States Macedonia No
97%
U.S States New Preasque No
97%
Countries Wienvack No
97%
Even Numbers 346,647 No
96%
Countries Austria Yes
96%
Countries in Europe Costa Rica No
96%
Countries in Europe Germany Yes
96%
U.S States New Canada No
96%
U.S States Peru No
96%
Countries in Europe St Kitts & Nevis No
96%
Countries Turkey Yes
96%
Countries in Europe United States No
96%
Even Numbers 1,457 No
95%
Even Numbers 2 Yes
95%
Even Numbers 32,765 No
95%
Even Numbers 37,889 No
95%
Even Numbers 60,999 No
95%
Even Numbers 8 Yes
95%
U.S States Barcelona No
95%
U.S States California Yes
95%
Even Numbers 337 No
94%
U.S States Arizona Yes
94%
Countries in Europe Belize No
94%
U.S States Florida Yes
94%
Countries Montana No
94%
U.S States New York Yes
94%
Even Numbers 1 No
93%
Even Numbers 109 No
93%
Even Numbers 23 No
93%
Odd Numbers 564 No
93%
Odd Numbers 774 No
93%
Countries British Colombia No
93%
Odd Numbers 37,636 No
92%
Odd Numbers 76 No
92%
Odd Numbers 98,656 No
92%
Odd Numbers 345,692 No
91%
Odd Numbers 5 Yes
91%
Even Numbers 90 Yes
91%
Odd Numbers 97 Yes
91%
Countries Mongolia Yes
91%
Even Numbers 294 Yes
90%
Even Numbers 4360 Yes
90%
Odd Numbers 8 No
90%
Odd Numbers 937,497 Yes
90%
Countries Angola Yes
90%
Countries Aruba No
90%
U.S States New Mexico Yes
90%
Odd Numbers 23,619 Yes
89%
Even Numbers 3,890 Yes
89%
Odd Numbers 436,097 Yes
89%
Odd Numbers 7 Yes
89%
Odd Numbers 90 No
89%
Countries in Europe Albania Yes
89%
U.S States Vermont Yes
89%
Odd Numbers 725 Yes
88%
Even Numbers 758,834 Yes
88%
Odd Numbers 8,923 Yes
88%
U.S States New England No
87%
Countries in Europe Lithuania Yes
85%
Countries in Europe Russia Yes
85%
Countries in Europe Macedonia Yes
84%
Countries Suriname Yes
84%
Countries in Europe Andorra Yes
83%
Countries in Europe Belarus Yes
82%
Countries Tailand No
73%
Countries Guiana No
69%
Countries Indoesia No
68%
Countries Congo Yes
67%
Countries Hungry No
65%
U.S States Rhodes Island No
64%
U.S States Iiinois No
58%
U.S States Minesota No
49%
Countries in Europe Turkey Yes
48%
No matching quizzes found
Score Distribution
Percent of People with Each Score
Percentile by Number Answered
Your Score History
You have not taken this quiz